Łódzkie autobusy - Statystyki

Ogólne statystyki
  • Ten quiz został rozwiązany 103 razy
  • Średni wynik to 48 z 149
Statystyki odpowiedzi
Linia Kierunek % Poprawnych
54 | 72 | 80 | +5 others Janów
71%
68 | 80 | 94 | +6 others Retkinia
71%
51 | 53 | 58 | +4 others Dworzec Łódź Fabryczna
65%
52 | 93 | 97 Dworzec Łódź Kaliska
59%
57 | 62 | 63 | +2 others Dworzec Łódź Chojny
56%
53A | 54 | 91 | N7A Nowosolna
54%
59 | 65 | N2 Radogoszcz Wschód
53%
73 | 99 | N5 Radogoszcz Zachód
53%
75 | 82 Dworzec Łódź Widzew
52%
50 | 68 | 92 | Z7 plac Niepodległości
44%
84 | 96 | N1 | N3 Rojna
43%
55 | F1 | N6 | N8 Dąbrowa
39%
75 | N4A Chocianowice Ikea
38%
55 | 69 | 76 | 86 Kusocińskiego
38%
76 | 81 | 83 | 89 Cmentarz Szczecińska
37%
57 Marysin Stadion
35%
70 | 93 | N3 Instytut CZMP
34%
52 Komorniki
34%
66 | 70 | N6 | Z3 Rondo Powstańców 1863r.
32%
85 Arturówek
30%
56 Piastów Kurak
30%
73 Koziny
28%
51B Skotniki
28%
86 Szpital CKD
27%
87 Żubardź
27%
83 | Z54 plac Mikulskiego
25%
62 Bionanopark
23%
64A Cmentarz Zarzew
23%
201 | 202 | W Rondo Inwalidów
23%
N4 Telefoniczna Zajezdnia
23%
89 plac Słoneczny
22%
72 Huta Jagodnica
20%
60 Centrum Handlowe Tulipan
19%
87A Doły Smutna
19%
64B Widzew Czajkowskiego
19%
H Chojny Hydro
18%
N5B Andrespol
15%
66 Modrzew
15%
97B Niesięcin
15%
60A Imielnik Nowy
14%
60D Marysin Tęczowa
14%
71 Park Podolski
14%
65C Sortownia
14%
60C Stryków Dworzec PKP
14%
53B Brzeziny Głowackiego
13%
Z3 Marysin Warszawska
13%
87B | ZTE Zajezdnia Telefoniczna
11%
77 Czahary
10%
90A Dworzec Łódź Olechów Wschód
10%
202 Janówka
10%
92 Stróża - Kolumny
10%
ZNS Zajezdnia Nowe Sady
10%
81 | Z6 Centrum Handlowe Sikawa
9%
ZLI Zajezdnia Limanowskiego
9%
W Dąbrowskiego - Podhalańska
8%
F1 Jędrzejów Przemysłowy Zachód
8%
G1 Łsse Nowy Józefów
8%
Z6 Zachodnia - Manufaktura
8%
60B Michałówek - Dobra
6%
82 Sąsieczno
6%
N8 | N9 6 Sierpnia
5%
78 | 97A Aleksandrów Targowy Rynek
5%
G2 Łsse Księdza Janika
5%
50 | 56 Rzgów Tuszyńska
5%
ZMPK Zajezdnia MPK
5%
88 Zjazdowa
5%
65AB Lotnisko Terminal Pasażerski
4%
Z13 Niższa - Śląska
4%
51A Okólna - Łagiewniki
4%
N4B Pabianice Dworzec PKP
4%
94 | N9 Konstantynów plac Wolności
3%
58 | N7 | Z54 Skalna - Juhasowa
3%
59 Kilińskiego - Dworzec Łódź Chojny
1%
61 Zgierz Parzęczewska - Staffa
1%
84 Aleksandrów Poselska
0%
201 Andrespol Główna
0%
64 Obrońców Westerplatte - Organizacji WiN
0%
63 Paderewskiego - Karpacka
0%
Z7 Rokicińska - Lermontowa
0%
69 Służbowa - Dworzec Łódź Widzew
0%
60E Smolice Corning
0%
78 Woronicza - Dworzec Łódź Żabieniec
0%
Nie znaleziono quizów pasujących do podanych kryteriów
Rozkład punktacji
Procent ludzi z każdym wynikiem
Percentyl według liczby udzielonych odpowiedzi
Twoja historia wyników
Nie rozwiązałeś tego quizu